Turbo Pascal và hình họa vi tính

保存先:
書誌詳細
第一著者: Thái Quang Hy
フォーマット: 図書
言語:Undetermined
出版事項: Hà Nội Giáo Dục 1995
主題:
タグ: タグ追加
タグなし, このレコードへの初めてのタグを付けませんか!
Thư viện lưu trữ: Trung tâm Học liệu Trường Đại học Cần Thơ
LEADER 00482nam a2200169Ia 4500
001 CTU_28669
008 210402s9999 xx 000 0 und d
082 |a 005.133 
082 |b H600 
100 |a Thái Quang Hy 
245 0 |a Turbo Pascal và hình họa vi tính 
245 0 |c Thái Quang Hy 
260 |a Hà Nội 
260 |b Giáo Dục 
260 |c 1995 
650 |a pascal ( computer program language ) 
980 |a Trung tâm Học liệu Trường Đại học Cần Thơ